{"text_format":"3","workbook":"xls","n_sheets":2,"sheets":["06分部分项工程计价表","06分部分项工程计价表 (2)"],"not_rendered":{"external_links":1,"defined_names":2},"read":"whole","date_system":"1900","formulas":"cached_only"}

{"sheet":"06分部分项工程计价表","index":0,"n_rows":16,"n_cols":7,"rows_kept":16,"merged":[[0,0,0,6],[15,0,15,5]],"flags":["formulas_cached_only"]}
["花城广场消防栓给水维修工程量清单"]
["序号","项目名称","项目特征","计量单位","数量","单价","合价"]
[1,"室外栓DN150安装","1.室外栓DN150安装\n2.压力试验","套",1]
[2,"室外栓DN150拆除","1.室外栓DN150拆除","套",1]
[3,"土方开挖",null,"m3",6.75]
[4,"土方回填",null,"m3",6.75]
[5,"钢丝网骨架（PE）复合管DN150安装","1.管道及管件安装\n2.压力试验","m",{"v":6,"d":"6.00"}]
[6,"钢丝网骨架（PE）复合管DN150拆除","1.管道及管件拆除\n2.压力试验","m",{"v":2.5,"d":"2.50"}]
[7,"增加45度电熔弯头DN150",null,"个",1]
[8,"增加电熔正三通DN150",null,"个",1]
[9,"增加法兰短管DN150",null,"个",1]
[10,"潜污泵临时排水",null,"台",1]
[11,"电熔机（租用）",null,"台",1]
[12,"机具进退场",null,"项",1]
[13,"安全文明措施费",null,"项",1]
["总计",{"$nulls":5},0]

{"sheet":"06分部分项工程计价表 (2)","index":1,"n_rows":24,"n_cols":8,"rows_kept":24,"merged":[[0,0,0,6],[2,0,2,3],[2,5,2,6],[3,0,4,0],[3,1,4,1],[3,2,4,2],[3,3,4,3],[3,4,4,4],[3,5,3,6],[3,7,4,7],[19,0,19,5],[20,0,20,6]],"flags":["formulas_cached_only"]}
["分部分项工程报价表"]
[]
["工程名称:中轴线室外栓漏水修复"]
["序号","项目名称","项目特征","计量\r\n单位","工程\r\n数量","金  额(元)",null,"备注"]
[{"$nulls":5},"综合单价","合价"]
[1,"室外栓DN150安装","1.室外栓DN150安装\n2.压力试验","套",1,212.47,212.47,"拆除、安装"]
[2,"室外栓DN150拆除","1.室外栓DN150拆除","套",1,0,{"v":0,"d":"0.00"}]
[3,"土方开挖",null,"m3",6.75,20.31,137.09]
[4,"土方回填",null,"m3",6.75,33.07,223.22]
[5,"钢丝网骨架（PE）复合管DN150安装","1.管道及管件安装\n2.压力试验","m",{"v":6,"d":"6.00"},159.49,956.94,"采购需按6m/条"]
[6,"钢丝网骨架（PE）复合管DN150拆除","1.管道及管件拆除\n2.压力试验","m",{"v":2.5,"d":"2.50"},56.13,140.33]
[7,"增加45度电熔弯头DN150",null,"个",4,172.62,690.48]
[8,"增加电熔正三通DN150",null,"个",1,273.31,273.31]
[9,"增加法兰短管DN150",null,"个",1,{"v":258,"d":"258.00"},{"v":258,"d":"258.00"}]
[10,"潜污泵临时排水",null,"台",1,{"v":600,"d":"600.00"},{"v":600,"d":"600.00"}]
[11,"电熔机（租用）",null,"台",1,{"v":500,"d":"500.00"},{"v":500,"d":"500.00"}]
[12,"机具进退场",null,"项",1,null,{"v":0,"d":"0.00"}]
[13,"安全文明措施费",null,"项",1,{"v":579.2,"d":"579.20"},{"v":579.2,"d":"579.20"}]
[14,"税金（按11%计算）",null,"项",1,502.81,502.81]
["总计",{"$nulls":5},5073.85]
[]
[]
[null,null,"报价单位：广东省保安消防机电装饰工程有限公司第一分公司"]
[null,null,"时    间：2018年3月7日"]